Qué es filosofía
Spremljeno u:
| Glavni autor: | |
|---|---|
| Format: | Knjiga |
| Jezik: | španjolski |
| Izdano: |
Madrid
Alianza
1976
|
| Serija: | Libro de Bolsillo, 612
|
| Teme: | |
| Oznake: |
Dodaj oznaku
Bez oznaka, Budi prvi tko označuje ovaj zapis!
|
MARC
| LEADER | 00000nam a2200000 a 4500 | ||
|---|---|---|---|
| 001 | UCJ2919 | ||
| 003 | CL-VaPUC | ||
| 008 | 070119e19760000SP |||||||||||||||||spa|d | ||
| 020 | |a 8420616125 | ||
| 082 | 0 | 4 | |a 101 |b DAN |2 21 |
| 100 | |a Danto, Arthur C |e author |9 572406 | ||
| 245 | 1 | 0 | |a Qué es filosofía |
| 300 | |a 199 p | ||
| 942 | |c BK | ||
| 945 | |d 20070119 00:00:00 |a jtorresc | ||
| 260 | |a Madrid |b Alianza |c 1976 | ||
| 500 | |a Donación de la Dra. Marianne Peronard Thierry | ||
| 650 | 0 | |a Filosofía |9 223554 | |
| 650 | 0 | |a Escuelas filosóficas |9 266232 | |
| 650 | 0 | |a Teoría del conocimiento |9 255038 | |
| 650 | 0 | |a Metafísica |9 265649 | |
| 583 | |a last modification |c 20070119 00:00:00 |k Rodrigo Vera | ||
| 490 | 0 | |a Libro de Bolsillo, 612 | |
| 999 | |c 319048 |d 319046 | ||
| 952 | |0 0 |1 0 |4 0 |6 101_000000000000000_DAN_1976 |7 0 |8 A |9 397283 |a FDOPOS |b FDOPOS |d 2019-11-22 |i 4318099 |o 101 DAN 1976 |p 4318099 |r 2025-01-22 |w 2019-11-22 |y BK |k MLA | ||